000 00856cam a2200277 i 4500
001 1272
005 20231123135739.0
020 _a0688004776
020 _a0688004784 (lib. bdg.)
040 _aDLC
_beng
_cDLC
_dDLC
050 0 0 _aPZ7.C5792
_bRais
082 0 0 _a813.54
_219
100 1 _aCleary, Beverly
245 1 0 _aRamona Quimby, age 8 /
_cBeverly Cleary ; illustrated by Alan Tiegreen.
260 _aNew York :
_bMorrow,
_c1981
300 _a190 pages :
_bIllustrations ;
_c20 cm
505 _aU
520 _aThe further adventures of the Quimby family as Ramona enters the third grade.
521 _a860
_bLexile
521 _aU
_bRaz-Plus
650 1 _aFamily life
_vFiction.
650 1 _aSchools
_vFiction.
700 1 _aTiegreen, Alan
_eillustrator
906 _a7
_bcbc
_corignew
_d1
_eocip
_f19
_gy-gencatlg
942 _2ddc
_cBK
_n0
999 _c1272
_d1272